00566nam a2200133Ia 4500008004100000100002100041245016400062245005600226260005300282260000900335300001200344650001500356856006100371170221s9999 xx 000 0 und d aSumit Chaturvedi aPerceived Risk, Trust and Information Seeking Behavior as Antecedents of Online Apparel Buying Behavior in India: An Exploratory Study in Context of Rajasthan  cSumit Chaturvedi, Sachin Gupta, Devendra Singh Hada bInternational Review of Management and Marketing c2016 a15 : 21 xMarketing. uhttp://www.econjournals.com/index.php/irmm/issue/view/88